| Tag |
First Indicator |
Second Indicator |
Subfields |
| LEADER |
00000cam a2200000 4500 |
| 001 |
in00000053121 |
| 005 |
20151007080444.0 |
| 008 |
740712s1950 eng u |
| 010 |
|
|
|a 50010345
|
| 035 |
|
|
|a (OCoLC)00945035
|
| 035 |
|
|
|9 AAF4849AM
|
| 040 |
|
|
|c ITD
|d OCL
|d TXA
|d UtOrBLW
|
| 049 |
|
|
|a TXAM
|c 1 [267904]
|c 2 [415713]
|
| 050 |
0 |
0 |
|a B818
|b .P4
|
| 082 |
0 |
|
|a 146
|
| 092 |
|
|
|a 146
|b P467e
|
| 100 |
1 |
|
|a Persons, Stow,
|d 1913-
|
| 245 |
1 |
0 |
|a Evolutionary thought in America /
|c [Edited for the special program in American civilization at Princeton University].
|
| 264 |
|
1 |
|a New Haven :
|b Yale University Press,
|c 1950.
|
| 300 |
|
|
|a x, 462 pages :
|b illustrations, maps, plans. ;
|c 25 cm.
|
| 336 |
|
|
|a text
|b txt
|2 rdacontent
|
| 337 |
|
|
|a unmediated
|b n
|2 rdamedia
|
| 338 |
|
|
|a volume
|b nc
|2 rdacarrier
|
| 504 |
|
|
|a Includes bibliographical references.
|
| 505 |
0 |
|
|a The theory of evolution: The rise and impact of evolutionary ideas, by R. Scoon. Evolution in its relation to the philosophy of nature and the philosophy of culture, by F. S. C. Northrop. The genetic nature of differences among men, by T. Dobzhansky.--Evolutionary thought in America: Evolution and American sociology by R. E. L. Faris. The impact of the idea of evolution on the American political and constitutional tradition, by E. S. Corwin. Evolutionism in American economics, 1800-1946, by J. J. Spengler. The influence of evolutionary theory upon American psychological thought, by E. G. Boring. Naturalism in American literature, by M. Cowley. The idea of organic expression and American architecture, by D. D. Egbert. Evolution and moral theory in America, W. F. Quillian, Jr. Evolution and theology in America, by S. Persons.
|
| 650 |
|
0 |
|a Evolution.
|
| 650 |
|
0 |
|a Philosophy, American.
|
| 651 |
|
0 |
|a United States
|x Civilization.
|
| 710 |
2 |
|
|a Princeton University.
|b Program of Study in American Civilization.
|
| 999 |
|
|
|a MARS
|
| 999 |
f |
f |
|s ba5bd22b-5ff8-36e5-9dec-e7baac2cb8f5
|i 0b46c613-b642-3663-9b7d-176f27e534e7
|t 0
|
| 952 |
f |
f |
|p ric
|a Texas A&M University
|b Rellis Campus
|c Joint Library Facility
|s JLF
|d Remote Storage
|t 0
|e B818 .P4
|h Library of Congress classification
|i unmediated -- volume
|m A14800518987
|
| 998 |
f |
f |
|a B818 .P4
|t 0
|l Remote Storage
|